Dealing with change in the Connecticut River Valley : a design manual for conservation and development /
Saved in:
| Corporate Authors: | , , , |
|---|---|
| Other Authors: | |
| Format: | Book |
| Language: | English |
| Published: |
[Cambridge, Mass.] : [Montpelier, Vt.] :
Lincoln Institute of Land Policy ; Environmental Law Foundation,
1988.
|
| Subjects: | |
| Tags: |
Add Tag
No Tags, Be the first to tag this record!
|
| LEADER | 01458nam a2200313Ia 4500 | ||
|---|---|---|---|
| 001 | 001663502-7 | ||
| 005 | 20020606090541.3 | ||
| 008 | 890206s1988 mauabe s00000 eng d | ||
| 035 | 0 | |a ocm71289306 | |
| 035 | 0 | |a ocm19107147 | |
| 040 | |a WOY |c WOY |d FLL | ||
| 043 | |a n-us-ma |a n-usn--- | ||
| 090 | |a HT393.M42 |b C66x | ||
| 245 | 0 | 0 | |a Dealing with change in the Connecticut River Valley : |b a design manual for conservation and development / |c by Robert D. Yaro ... [et al.]. |
| 260 | 0 | |a [Cambridge, Mass.] : |b Lincoln Institute of Land Policy ; |a [Montpelier, Vt.] : |b Environmental Law Foundation, |c 1988. | |
| 300 | |a iii, 181 p. : |b ill. (some col.), maps, plans ; |c 28 cm. | ||
| 500 | |a Originally issued in Jan. 1988 by the Center for Rural Massachusetts, University of Massachusetts at Amherst, and the Massachusetts Dept. of Environmental Management. | ||
| 650 | 0 | |a Regional planning |z Massachusetts. | |
| 650 | 0 | |a Regional planning |z Connecticut River Valley. | |
| 650 | 0 | |a Landscape protection |z Massachusetts. | |
| 650 | 0 | |a Landscape protection |z Connecticut River Valley. | |
| 650 | 0 | |a Environmental policy |z Massachusetts. | |
| 700 | 1 | |a Yaro, Robert D. | |
| 710 | 1 | |a Massachusetts. |b Department of Environmental Management. | |
| 710 | 2 | |a University of Massachusetts at Amherst. |b Center for Rural Massachusetts. | |
| 710 | 2 | |a Lincoln Institute of Land Policy. | |
| 710 | 2 | |a Environmental Law Foundation (Montpelier, Vt.) | |
| 988 | |a 20020608 | ||
| 906 | |0 OCLC | ||


